Súdobé rezné kvapaliny a podmienky ich efektívneho využitia : Diplomová práca

Guardado en:
Detalles Bibliográficos
Autor principal: Hatala, Vladimír (Autor)
Otros Autores: Janáč, Alexander, 1939- (xxx)
Formato: Manuscrito Libro
Lenguaje:eslovaco
Publicado: Trnava : STU v Bratislave MtF KOOS , 1995
Materias:
Etiquetas: Agregar Etiqueta
Sin Etiquetas, Sea el primero en etiquetar este registro!

MARC

LEADER 00000ntm a22000003a 4500
001 stu92758
005 20160719154543.7
008 050203s1995----xo------------------slo-d
040 |a STU  |b slo 
041 0 |a slo 
044 |a xo 
100 1 |a Hatala, Vladimír  |4 aut 
245 1 |a Súdobé rezné kvapaliny a podmienky ich efektívneho využitia :  |b Diplomová práca 
260 |a Trnava :  |b STU v Bratislave MtF KOOS ,  |c 1995 
300 |a 60 s 
650 7 |a Strojárska technológia-obrábanie  |2 stusub 
700 1 |a Janáč, Alexander,  |d 1939-  |4 xxx  |u M3000  |U MTF Materiálovotechnologická fakulta  |T MTF Ústav výrobných technológií  |X 4184  |U M3000  |Y 83  |7 A000004184 
996 |b 284M037932  |c M*DP-2881  |l MMSKP  |s P  |a 0  |w stu92758_0001